Southville International School and Colleges
Your cart is empty.
  • Cart
  • Lists
    Public lists Eva Luna New books Lux_list list_1
    Your lists Log in to create your own lists
  • Log in to your account
  • Your cookies
  • Search history
Southville International School and Colleges
  • Advanced search
  • Recent comments
  • Most popular
  • Libraries

Log in to your account

Log in with GOOGLE


If you do not have an external account, but do have a local account, you can still log in:

  1. Home
  2. MARC view: At your service:
Normal view MARC view ISBD view

At your service: (Record no. 21723)

[ view plain ]
MARC details
000 -LEADER
fixed length control field 00586nam a2200193 a 4500
005 - DATE AND TIME OF LATEST TRANSACTION
control field 20140310183337.0
008 - FIXED-LENGTH DATA ELEMENTS--GENERAL INFORMATION
fixed length control field 061106s19uu xx 00 eng d
020 ## - INTERNATIONAL STANDARD BOOK NUMBER
International Standard Book Number 0764557475
050 ## - LIBRARY OF CONGRESS CALL NUMBER
Classification number TX 943
Item number .F57 2005
100 ## - MAIN ENTRY--PERSONAL NAME
Personal name Fisher, John W.
245 ## - TITLE STATEMENT
Title At your service:
Remainder of title a hands-on guide to the professional dining room /
Statement of responsibility, etc John W. Fisher
260 ## - PUBLICATION, DISTRIBUTION, ETC. (IMPRINT)
Place of publication, distribution, etc New Jersey :
Name of publisher, distributor, etc John Wiley and Sons, Inc,
Date of publication, distribution, etc 2005.
300 ## - PHYSICAL DESCRIPTION
Extent 210 p. :
Other physical details ill. ;
Dimensions 24 cm.
521 ## - TARGET AUDIENCE NOTE
Target audience note
650 ## - SUBJECT ADDED ENTRY--TOPICAL TERM
Topical term or geographic name as entry element Food service.
700 ## - ADDED ENTRY--PERSONAL NAME
Personal name The Culinary Institute of America
942 ## - ADDED ENTRY ELEMENTS (KOHA)
Koha item type Books
Source of classification or shelving scheme Library of Congress Classification
Call number prefix Foreign
Holdings
Withdrawn status Lost status Source of classification or shelving scheme Damaged status Home library Current library Shelving location Date acquired Source of acquisition Cost, normal purchase price Total Checkouts Full call number Barcode Date last seen Copy number Price effective from Koha item type
    Library of Congress Classification   College Library College Library General Circulation Section 10/08/2010   1820.00   TX 943 .F57 2005 C7792 05/15/2018 1 10/10/2013 Books

At your service:

APA

Fisher J. W., The Culinary Institute of America, . (2005). At your service. New Jersey: John Wiley and Sons, Inc.

Chicago

Fisher John W, The Culinary Institute of America, . 2005. At your service. New Jersey: John Wiley and Sons, Inc.

Harvard

Fisher J. W., The Culinary Institute of America, . (2005). At your service. New Jersey: John Wiley and Sons, Inc.

MLA

Fisher John W, The Culinary Institute of America, . At your service. New Jersey: John Wiley and Sons, Inc. 2005.

  • Place hold
  • Print
  • Cite
  • Add to your cart (remove)
  • Save record
    BIBTEX Dublin Core MARCXML MARC (non-Unicode/MARC-8) MARC (Unicode/UTF-8) MARC (Unicode/UTF-8, Standard) MODS (XML) RIS
  • More searches
    Search for this title in:
    Other Libraries (WorldCat) Other Databases (Google Scholar) Online Stores (Bookfinder.com) Open Library (openlibrary.org)

Exporting to Dublin Core...

SOUTHVILLE LIBRARY

Southville International School and Colleges Library

1281 Tropical Ave. Cor. Luxembourg St., BF Homes International, Las Pinas City

Tel. No. 8256374 / 252358 Loc. 117/146

Powered by Koha